MARC

LEADER 00000nam0a2200000 4500
001 312374
005 20231102002459.0
035 |a (RuTPU)RU\TPU\book\337742 
035 |a RU\TPU\book\966 
090 |a 312374 
100 |a 20151221d1982 m y0rusy50 ca 
101 0 |a rus  |a fre 
102 |a RU 
105 |a y j 000zy 
200 1 |a Самоучитель французского языка  |f К. К. Парчевский, Е. Б. Ройзенблит 
210 |a Москва  |c Высшая школа  |d 1982 
215 |a 415 с. 
606 1 |a Французский язык  |x Учебные руководства и пособия для вузов  |2 stltpush  |3 (RuTPU)RU\TPU\subj\16836  |9 42736 
606 1 |a Французский язык  |x Учебные руководства и пособия для средней школы.Самообразования  |2 stltpush  |3 (RuTPU)RU\TPU\subj\16835  |9 42735 
610 1 |a лексика 
610 1 |a грамматика 
610 1 |a самоучители 
610 1 |a фонетика 
610 1 |a разговорная речь 
686 |a Ш147.11-922  |v LBC/SL-A  |2 rubbk 
700 1 |a Парчевский  |b К. К.  |g Константин Константинович 
701 1 |a Ройзенблит  |b Е. Б.  |g Елизавета Борисовна 
801 0 |a RU  |b 63413507  |c 20011209  |g PSBO 
801 2 |a RU  |b 63413507  |c 20191002  |g PSBO 
942 |c BK